[Event "POL-chT U19 1st League"]
[Site "Karpacz"]
[Date "2013.07.28"]
[Round "7"]
[White "Delekta, Anna"]
[Black "Czaplewska, Klara"]
[Result "0-1"]
[WhiteElo "1740"]
[BlackElo "1689"]
[PlyCount "122"]
[EventDate "2013.07.22"]
[EventType "team-tourn"]
[EventRounds "9"]
[EventCountry "POL"]
[SourceTitle "EXT 2014"]
[Source "ChessBase"]
[SourceDate "2013.11.20"]
[SourceVersion "1"]
[SourceVersionDate "2013.11.20"]
[SourceQuality "1"]
[WhiteTeam "Minsk Mazowiecki MTSz U19"]
[BlackTeam "Koszalin Hetman Politechnika U19"]
[WhiteTeamCountry "POL"]
[BlackTeamCountry "POL"]

1. e4 e5 2. Nf3 Nc6 3. Bc4 Bc5 4. c3 Nf6 5. d4 exd4 6. cxd4 Bb4+ 7. Nc3 Nxe4 8. 0-0 Bxc3 9. d5 Bf6 10. Re1 Ne7 11. Rxe4 d6 12. Bg5 Bxg5 13. Nxg5 0-0 14. Nxh7 Re8 15. Qh5 Bf5 16. Ng5 Bg6 17. Qf3 Nf5 18. Rae1 Rxe4 19. Nxe4 Qe7 20. Qc3 Qe5 21. Qd2 Qd4 22. Qe2 Qe5 23. Qd2 Qd4 24. Qb4 Qb6 25. Qa4 c6 26. dxc6 bxc6 27. g4 Nd4 28. Ng5 d5 29. Bxd5 Qc5 30. Re5 cxd5 31. Qd7 Qc6 32. Qxd5 Qxd5 33. Rxd5 Nc6 34. a3 f6 35. Rd6 Ne5 36. Ne6 Nxg4 37. Nd4 Ne5 38. b3 Bf7 39. Kf1 Rb8 40. b4 Bc4+ 41. Kg2 Kf7 42. f4 Nd3 43. Rd7+ Kf8 44. Rxa7 Nxf4+ 45. Kg3 Ne2+ 46. Nxe2 Bxe2 47. h4 Rb5 48. Rc7 Rf5 49. Rc3 Bb5 50. Kg4 Re5 51. Kf4 Kf7 52. Rg3 g6 53. Rc3 Kg7 54. Rc7+ Kh6 55. Ra7 Rd5 56. Ra5 f5 57. a4 Rd4+ 58. Kg3 Rg4+ 59. Kf2 Bd3 60. b5 Rxh4 61. Ra7 Rb4 0-1

[Event "Mazowiec-chT 1213"]
[Site "Poland"]
[Date "2013.01.27"]
[Round "5.24"]
[White "Pazderska, Magdalena"]
[Black "Delekta, Anna"]
[Result "0-1"]
[WhiteElo "1635"]
[BlackElo "1740"]
[PlyCount "46"]
[EventDate "2013.01.13"]
[EventType "team-tourn"]
[EventRounds "10"]
[EventCountry "POL"]
[SourceTitle "EXT 2019"]
[Source "ChessBase"]
[SourceDate "2018.10.10"]
[SourceVersion "1"]
[SourceVersionDate "2018.10.10"]
[SourceQuality "1"]

1. c4 e5 2. g3 Nf6 3. Bg2 Bc5 4. Nf3 Nc6 5. Nc3 d5 6. cxd5 Nxd5 7. 0-0 0-0 8. b3 f5 9. Nxd5 Qxd5 10. Ng5 Qd8 11. h4 h6 12. Nf3 f4 13. Qc2 Qe7 14. d4 Bxd4 15. Nxd4 Nxd4 16. Qg6 Nxe2+ 17. Kh2 Qc5 18. g4 Qe7 19. Bd5+ Kh8 20. g5 Qd7 21. Bg2 Qg4 22. Qd3 Qxh4+ 23. Bh3 f3 0-1

[Event "POL-ch U16 Girls"]
[Site "Murzasichle"]
[Date "2011.03.09"]
[Round "6"]
[White "Delekta, Anna"]
[Black "Lach, Aleksandra"]
[Result "0-1"]
[WhiteElo "1693"]
[BlackElo "2100"]
[PlyCount "69"]
[EventDate "2011.03.05"]
[EventType "swiss"]
[EventRounds "9"]
[EventCountry "POL"]
[SourceTitle "EXT 2013"]
[Source "ChessBase"]
[SourceDate "2012.11.22"]
[SourceVersion "1"]
[SourceVersionDate "2012.11.22"]
[SourceQuality "1"]

1. e4 c5 2. Nf3 d6 3. d4 cxd4 4. Nxd4 Nf6 5. Nc3 a6 6. Be3 e5 7. Nf3 Qc7 8. a4 Be7 9. a5 Be6 10. Ng5 Nbd7 11. Nxe6 fxe6 12. g3 Nc5 13. Bh3 Qc6 14. 0-0 d5 15. exd5 exd5 16. Bg2 e4 17. Bh3 0-0 18. Ne2 Ne6 19. Bd4 Ng5 20. Bg2 Bc5 21. Kh1 Rad8 22. h4 Ne6 23. Bxc5 Qxc5 24. Bh3 Rfe8 25. c3 Rd6 26. b4 Qc4 27. Rc1 Rc6 28. Qd2 e3 29. Qe1 Ne4 30. Bxe6+ Rcxe6 31. Nd4 exf2 32. Qe3 Rg6 33. Kh2 Rxg3 34. Nf3 Qc8 35. Rcd1 0-1

[Event "POL-ch U16 Girls"]
[Site "Murzasichle"]
[Date "2011.03.08"]
[Round "5"]
[White "Paterek, Diana"]
[Black "Delekta, Anna"]
[Result "0-1"]
[WhiteElo "1486"]
[BlackElo "1693"]
[PlyCount "56"]
[EventDate "2011.03.05"]
[EventType "swiss"]
[EventRounds "9"]
[EventCountry "POL"]
[SourceTitle "EXT 2013"]
[Source "ChessBase"]
[SourceDate "2012.11.22"]
[SourceVersion "1"]
[SourceVersionDate "2012.11.22"]
[SourceQuality "1"]

1. e4 c5 2. d3 Nc6 3. g3 g6 4. Bg2 Bg7 5. f4 d6 6. Nf3 Nf6 7. 0-0 Qb6 8. Kh1 c4 9. Nc3 Ng4 10. Qe2 cxd3 11. cxd3 Nd4 12. Nxd4 Bxd4 13. h3 h5 14. f5 Nf2+ 15. Kh2 h4 16. Nd5 hxg3+ 17. Kxg3 Qc5 18. Be3 Bxe3 19. Nxe3 gxf5 20. exf5 Nxh3 21. Bxh3 Qe5+ 22. Kg2 b6 23. Qf3 Rb8 24. Qg3 Bb7+ 25. Kh2 Qxb2+ 26. Qf2 Qd4 27. Rad1 Kd7 28. f6+ Rxh3+ 0-1

[Event "POL-ch U16 Girls"]
[Site "Murzasichle"]
[Date "2011.03.07"]
[Round "3"]
[White "Zyla, Agata"]
[Black "Delekta, Anna"]
[Result "0-1"]
[WhiteElo "1562"]
[BlackElo "1693"]
[PlyCount "68"]
[EventDate "2011.03.05"]
[EventType "swiss"]
[EventRounds "9"]
[EventCountry "POL"]
[SourceTitle "EXT 2013"]
[Source "ChessBase"]
[SourceDate "2012.11.22"]
[SourceVersion "1"]
[SourceVersionDate "2012.11.22"]
[SourceQuality "1"]

1. e4 c5 2. Nf3 d6 3. d4 cxd4 4. Nxd4 Nf6 5. Nc3 g6 6. Bc4 Nc6 7. h3 Bg7 8. Be3 Bd7 9. Bb3 0-0 10. 0-0 a6 11. f4 Na5 12. Qe1 Rc8 13. Rd1 Nxb3 14. Nxb3 b5 15. e5 Ne8 16. Ne4 Rxc2 17. Qh4 Qa8 18. Nbd2 Bf5 19. Ng5 h6 20. Ngf3 Rc7 21. g4 Bd3 22. Rf2 f5 23. Rg2 Be4 24. Rf1 dxe5 25. gxf5 Bxf5 26. fxe5 Bd3 27. Rff2 Qd5 28. Bf4 g5 29. Rxg5 hxg5 30. Nxg5 Bxe5 31. Nde4 Bxe4 32. Nxe4 Qxe4 33. Rg2+ Ng7 34. Bxe5 Rc1+ 0-1

[Event "POL-ch U16 Girls"]
[Site "Murzasichle"]
[Date "2011.03.06"]
[Round "2"]
[White "Delekta, Anna"]
[Black "Iwanow, Anna"]
[Result "0-1"]
[WhiteElo "1693"]
[BlackElo "2100"]
[PlyCount "46"]
[EventDate "2011.03.05"]
[EventType "swiss"]
[EventRounds "9"]
[EventCountry "POL"]
[SourceTitle "EXT 2013"]
[Source "ChessBase"]
[SourceDate "2012.11.22"]
[SourceVersion "1"]
[SourceVersionDate "2012.11.22"]
[SourceQuality "1"]

1. e4 c5 2. Nf3 e6 3. d4 cxd4 4. Nxd4 Nc6 5. Nc3 Qc7 6. Be3 a6 7. Qd2 Nf6 8. Nxc6 bxc6 9. a3 Rb8 10. b4 c5 11. b5 axb5 12. Nxb5 Qc6 13. Qa5 Be7 14. Nc7+ Kf8 15. Bb5 Qxe4 16. 0-0-0 Qe5 17. Kd2 Ne4+ 18. Ke1 Rb7 19. Rxd7 Qc3+ 20. Qxc3 Nxc3 21. Rd3 Nxb5 22. Bxc5 Nxc7 23. Rd8+ Ne8 0-1

[Event "POL-chT U19 1st League"]
[Site "Suchedniow"]
[Date "2010.07.14"]
[Round "9"]
[White "Tracz, Marcelina"]
[Black "Delekta, Anna"]
[Result "0-1"]
[WhiteElo "1669"]
[BlackElo "1678"]
[PlyCount "68"]
[EventDate "2010.07.06"]
[EventType "team-tourn"]
[EventRounds "9"]
[EventCountry "POL"]
[SourceTitle "EXT 2019"]
[Source "ChessBase"]
[SourceDate "2018.10.10"]
[SourceVersion "1"]
[SourceVersionDate "2018.10.10"]
[SourceQuality "1"]
[WhiteTeam "Wieliczka MKS MOS U19"]
[BlackTeam "Gorzow Wielkopolski Stilon U19 II"]
[WhiteTeamCountry "POL"]
[BlackTeamCountry "POL"]

1. e4 c5 2. Nf3 d6 3. d4 cxd4 4. Nxd4 Nf6 5. Nc3 g6 6. Be3 Bg7 7. Bd3 0-0 8. h3 Nc6 9. 0-0 Bd7 10. Qd2 Ne5 11. f4 Nc6 12. f5 Ne5 13. Kh1 Nh5 14. Nce2 Nxd3 15. cxd3 e5 16. Nb3 gxf5 17. exf5 Kh8 18. Bh6 Rg8 19. Bg5 Bf6 20. Bh6 Bc6 21. Rg1 Bh4 22. Raf1 Qf6 23. d4 Be4 24. Qe3 Bd5 25. dxe5 dxe5 26. Kh2 Ng3 27. Rd1 Bxb3 28. axb3 Nxe2 29. Qxe2 Bg3+ 30. Kh1 Qxh6 31. Rd7 Rg7 32. Rxb7 Rag8 33. Qf3 Bf4 34. g4 e4 0-1

[Event "POL-ch U14 Girls"]
[Site "Sekocin Stary"]
[Date "2010.05.07"]
[Round "10"]
[White "Delekta, Anna"]
[Black "Tracz, Marcelina"]
[Result "0-1"]
[WhiteElo "1664"]
[BlackElo "1657"]
[PlyCount "108"]
[EventDate "2010.05.01"]
[EventType "swiss"]
[EventRounds "10"]
[EventCountry "POL"]
[SourceTitle "EXT 2011"]
[Source "ChessBase"]
[SourceDate "2010.11.26"]
[SourceVersion "1"]
[SourceVersionDate "2010.11.26"]
[SourceQuality "1"]

1. e4 e5 2. Nc3 Nf6 3. Bc4 Nxe4 4. Qh5 Nd6 5. Bb3 g6 6. Qxe5+ Qe7 7. d4 c6 8. Bg5 Qxe5+ 9. dxe5 Nf5 10. Ne4 Bg7 11. g4 Bxe5 12. gxf5 d5 13. Nf6+ Bxf6 14. Bxf6 0-0 15. fxg6 fxg6 16. Bd4 Bg4 17. Kd2 Nd7 18. Re1 a6 19. Ne2 Nf6 20. Ng3 Bf3 21. Rhg1 Nd7 22. Re7 Rf7 23. Rge1 c5 24. Rxf7 Kxf7 25. Be3 c4 26. Ba4 b5 27. Bg5 Re8 28. Rxe8 Kxe8 29. Bxb5 axb5 30. Ke3 Bg4 31. Kd4 Bf3 32. Ke3 Bd1 33. Kd2 Bf3 34. Ne2 Bxe2 35. Kxe2 Ne5 36. f4 Nf7 37. Bh4 Nh6 38. Kd2 Kd7 39. Kc3 Kc6 40. Kb4 Nf5 41. Bf6 Ne3 42. Kc3 Ng4 43. Be5 Nxh2 44. f5 Ng4 45. fxg6 hxg6 46. Bf4 Kc5 47. b4+ cxb3 48. axb3 b4+ 49. Kd2 Nf6 50. Bh6 g5 51. Ke3 Ng4+ 52. Kd3 Nxh6 53. Ke3 g4 54. Kf2 Nf5 0-1

[Event "POL-ch U14 Girls"]
[Site "Sekocin Stary"]
[Date "2010.05.02"]
[Round "3"]
[White "Delekta, Anna"]
[Black "Szurek, Dagmara"]
[Result "1-0"]
[WhiteElo "1664"]
[BlackElo "1563"]
[PlyCount "101"]
[EventDate "2010.05.01"]
[EventType "swiss"]
[EventRounds "10"]
[EventCountry "POL"]
[SourceTitle "EXT 2011"]
[Source "ChessBase"]
[SourceDate "2010.11.26"]
[SourceVersion "1"]
[SourceVersionDate "2010.11.26"]
[SourceQuality "1"]

1. e4 e5 2. Nc3 Nc6 3. Bc4 Nf6 4. d3 Na5 5. Nf3 Nxc4 6. dxc4 d6 7. c5 Be7 8. cxd6 Qxd6 9. Qe2 0-0 10. 0-0 c6 11. h3 Qc7 12. Nh2 Be6 13. f4 exf4 14. e5 Bc5+ 15. Kh1 Nd5 16. Nxd5 Bxd5 17. Bxf4 Qb6 18. c4 Be6 19. Nf3 Qb4 20. b3 b5 21. Bd2 Qa3 22. cxb5 cxb5 23. Qxb5 Rab8 24. Qe2 Bb4 25. Bc1 Qa5 26. Bf4 Rbc8 27. Ng5 Bf5 28. Rac1 h6 29. Nf3 Rfd8 30. Qf2 Bc5 31. Qg3 Kh7 32. Nh4 Rd3 33. Rf3 Rxf3 34. Qxf3 Be6 35. Qd3+ Kg8 36. Nf5 Rd8 37. Qc2 Ba3 38. Rb1 Qb4 39. Be3 Rc8 40. Qd3 Qa5 41. Nd6 Rc3 42. Qe4 Qd8 43. Nb5 Bd5 44. Qd4 Bc5 45. Qxc3 Bxe3 46. Qxe3 Bxg2+ 47. Kxg2 Qd5+ 48. Kf2 Qxb5 49. Rd1 Qa5 50. Rd2 Kf8 51. Qd4 1-0

[Event "POL-ch U14 Girls"]
[Site "Sekocin Stary"]
[Date "2010.05.01"]
[Round "1"]
[White "Delekta, Anna"]
[Black "Larysz, Anna"]
[Result "1/2-1/2"]
[WhiteElo "1664"]
[BlackElo "1450"]
[PlyCount "76"]
[EventDate "2010.05.01"]
[EventType "swiss"]
[EventRounds "10"]
[EventCountry "POL"]
[SourceTitle "EXT 2011"]
[Source "ChessBase"]
[SourceDate "2010.11.26"]
[SourceVersion "1"]
[SourceVersionDate "2010.11.26"]
[SourceQuality "1"]

1. e4 e6 2. d3 d5 3. Nd2 d4 4. Ngf3 c5 5. g3 Nc6 6. Nc4 Nge7 7. Bg2 Ng6 8. h4 b5 9. Ncd2 Qc7 10. h5 Nge5 11. Nxe5 Nxe5 12. f4 Nd7 13. Nf3 Bb7 14. Qe2 Be7 15. Bd2 b4 16. Nh4 a5 17. Qf2 Nf6 18. Bf3 a4 19. g4 Qb6 20. g5 Nd7 21. f5 f6 22. Bg4 e5 23. h6 fxg5 24. hxg7 Rg8 25. Ng6 hxg6 26. Rh8 0-0-0 27. Qh2 Rxg7 28. Qh6 Rgg8 29. Rxg8 Rxg8 30. Qh7 Qd8 31. f6 Bxf6 32. Bxd7+ Kb8 33. 0-0-0 Rg7 34. Qh6 Qxd7 35. Rf1 Bd8 36. Qh8 Kc8 37. Bxg5 Re7 38. Rf8 Bc6 1/2-1/2

[Event "POL-chT U14 Girls 15th"]
[Site "Sielpia"]
[Date "2009.05.02"]
[Round "8"]
[White "Chalastra, Oliwia"]
[Black "Delekta, Anna"]
[Result "1-0"]
[WhiteElo "1637"]
[BlackElo "1691"]
[PlyCount "57"]
[EventDate "2009.04.27"]
[EventType "team-tourn"]
[EventRounds "10"]
[EventCountry "POL"]
[SourceTitle "EXT 2011"]
[Source "ChessBase"]
[SourceDate "2010.11.26"]
[SourceVersion "1"]
[SourceVersionDate "2010.11.26"]
[SourceQuality "1"]

1. d4 d5 2. c4 c6 3. Nc3 Nf6 4. Nf3 e6 5. Bg5 Be7 6. e3 Bd7 7. c5 b5 8. b4 a5 9. a3 Qc7 10. Bd3 a4 11. 0-0 h6 12. Bf4 Qb7 13. h3 g5 14. Be5 Rg8 15. Bxf6 Bxf6 16. Ne5 Qc7 17. f4 gxf4 18. exf4 Bc8 19. Qh5 Bg7 20. Ne2 Rf8 21. Rf3 Bb7 22. Rg3 Bxe5 23. fxe5 Nd7 24. Rf1 0-0-0 25. Rxf7 Kb8 26. Rgg7 Bc8 27. Nf4 Rde8 28. Rxf8 Rxf8 29. Nxe6 1-0

[Event "POL-chT U14 Girls 15th"]
[Site "Sielpia"]
[Date "2009.04.30"]
[Round "6"]
[White "Delekta, Anna"]
[Black "Grochocinska, Urszula"]
[Result "0-1"]
[WhiteElo "1691"]
[BlackElo "1680"]
[PlyCount "48"]
[EventDate "2009.04.27"]
[EventType "team-tourn"]
[EventRounds "10"]
[EventCountry "POL"]
[SourceTitle "EXT 2011"]
[Source "ChessBase"]
[SourceDate "2010.11.26"]
[SourceVersion "1"]
[SourceVersionDate "2010.11.26"]
[SourceQuality "1"]

1. e4 e5 2. Nc3 Nf6 3. Bc4 Nxe4 4. Nxe4 d5 5. Bb3 dxe4 6. Qh5 Qf6 7. Qe2 Nc6 8. Qxe4 Bf5 9. Qe3 Bd6 10. Ne2 0-0 11. d3 Nd4 12. 0-0 Rfe8 13. Nxd4 exd4 14. Qf3 Re7 15. Qxb7 Rae8 16. Qxa7 Qh4 17. g3 Qh3 18. Bg5 Bg4 19. Qb7 Re5 20. Bf4 Re4 21. Bxf7+ Kh8 22. f3 Re2 23. Rf2 Re1+ 24. Rf1 Qxf1# 0-1

[Event "POL-chT U14 Girls 15th"]
[Site "Sielpia"]
[Date "2009.04.29"]
[Round "4"]
[White "Delekta, Anna"]
[Black "Cichocka, Urszula"]
[Result "1-0"]
[WhiteElo "1691"]
[BlackElo "1638"]
[PlyCount "99"]
[EventDate "2009.04.27"]
[EventType "team-tourn"]
[EventRounds "10"]
[EventCountry "POL"]
[SourceTitle "EXT 2011"]
[Source "ChessBase"]
[SourceDate "2010.11.26"]
[SourceVersion "1"]
[SourceVersionDate "2010.11.26"]
[SourceQuality "1"]

1. e4 c5 2. Nf3 Nc6 3. d4 cxd4 4. Nxd4 e5 5. Nb5 d6 6. Be3 a6 7. N5c3 Nf6 8. Nd5 Nxd5 9. exd5 Ne7 10. c4 Ng6 11. Bd3 f5 12. f3 Be7 13. 0-0 Bg5 14. Bf2 0-0 15. Nc3 Bd7 16. Qb3 Nf4 17. Rfd1 Nxd3 18. Rxd3 b5 19. cxb5 Bxb5 20. Nxb5 axb5 21. Rc3 Qd7 22. Rc6 Rab8 23. Bb6 Rfc8 24. Qxb5 Be3+ 25. Kh1 Bxb6 26. Rac1 Rxc6 27. dxc6 Qe6 28. a4 Bc7 29. Qe2 Qb3 30. a5 Qb5 31. Qc2 Qxb2 32. Qc4+ Kf8 33. a6 Qa3 34. Rf1 Ke7 35. Qh4+ Ke6 36. Qxh7 Qxa6 37. Qg6+ Ke7 38. Qxg7+ Ke6 39. Qg6+ Kd5 40. Qf7+ Kd4 41. Rd1+ Qd3 42. Rxd3+ Kxd3 43. h4 e4 44. Qxc7 Rb1+ 45. Kh2 e3 46. Qxd6+ Ke2 47. Qc5 f4 48. Qc2+ Kf1 49. Qxb1+ Kf2 50. Qg1+ 1-0

[Event "Rewal op-B 13th"]
[Site "Rewal"]
[Date "2008.08.28"]
[Round "9"]
[White "Borowiak, Aleksander"]
[Black "Delekta, Anna"]
[Result "1-0"]
[WhiteElo "1885"]
[BlackElo "1706"]
[PlyCount "61"]
[EventDate "2008.08.19"]
[EventType "swiss"]
[EventRounds "9"]
[EventCountry "POL"]
[SourceTitle "CBM 126 Extra"]
[Source "ChessBase"]
[SourceDate "2008.11.05"]
[SourceVersion "1"]
[SourceVersionDate "2008.11.05"]
[SourceQuality "1"]

1. e4 c5 2. Nf3 Nc6 3. d4 cxd4 4. Nxd4 Nf6 5. Nc3 d6 6. Bg5 e6 7. Qd2 Be7 8. f3 a6 9. 0-0-0 d5 10. exd5 Nxd5 11. Bxe7 Ncxe7 12. Kb1 Nxc3+ 13. Qxc3 e5 14. Bb5+ axb5 15. Nxb5 Bd7 16. Nc7+ Kf8 17. Nxa8 Nc6 18. Qc5+ Qe7 19. Qxe7+ Kxe7 20. Nb6 Be6 21. Nd5+ Kf8 22. Rhe1 f6 23. Nb4 Nd4 24. Rxd4 Bxa2+ 25. Kxa2 exd4 26. Kb3 Kf7 27. Kc4 Rd8 28. Kd3 f5 29. Re5 g6 30. Rd5 Re8 31. Kd2 1-0

[Event "Rewal op-B 13th"]
[Site "Rewal"]
[Date "2008.08.21"]
[Round "3"]
[White "Delekta, Anna"]
[Black "Turcheniac, Mariya"]
[Result "1-0"]
[WhiteElo "1706"]
[BlackElo "2024"]
[PlyCount "77"]
[EventDate "2008.08.19"]
[EventType "swiss"]
[EventRounds "9"]
[EventCountry "POL"]
[SourceTitle "CBM 126 Extra"]
[Source "ChessBase"]
[SourceDate "2008.11.05"]
[SourceVersion "1"]
[SourceVersionDate "2008.11.05"]
[SourceQuality "1"]

1. e4 d5 2. exd5 Qxd5 3. Nc3 Qd6 4. Nf3 Bg4 5. Bc4 Nf6 6. 0-0 a6 7. a3 Nc6 8. d4 e6 9. d5 Bxf3 10. gxf3 exd5 11. Nxd5 Nxd5 12. Qxd5 Qg6+ 13. Kh1 Rd8 14. Qe4+ Be7 15. Rg1 Qxe4 16. fxe4 Bf6 17. c3 Ne5 18. Ba2 Nd3 19. f3 Nxc1 20. Raxc1 Be5 21. Rcf1 g6 22. f4 Bf6 23. e5 Bg7 24. Rg2 Rf8 25. h4 Rd3 26. Kh2 Ke7 27. Bc4 Rd7 28. Re2 Rfd8 29. e6 Rd2 30. Rff2 Rxe2 31. Rxe2 f5 32. a4 Rd6 33. Kg3 Rd1 34. Kg2 Bh6 35. Bb3 Rd6 36. Rf2 Bg7 37. Kh1 h5 38. Rg2 Kf6 39. Rxg6+ 1-0

[Event "POL-ch U12 Girls"]
[Site "Ustron"]
[Date "2008.03.16"]
[Round "11"]
[White "Delekta, Anna"]
[Black "Dziodzio, Angelika"]
[Result "0-1"]
[WhiteElo "1706"]
[BlackElo "1704"]
[PlyCount "94"]
[EventDate "2008.03.08"]
[EventType "swiss"]
[EventRounds "11"]
[EventCountry "POL"]
[SourceTitle "EXT 2010"]
[Source "ChessBase"]
[SourceDate "2010.11.25"]
[SourceVersion "1"]
[SourceVersionDate "2010.11.25"]
[SourceQuality "1"]

1. e4 c5 2. Nf3 d6 3. d4 Nf6 4. Nc3 cxd4 5. Nxd4 Nc6 6. f3 e5 7. Nb3 Be7 8. Be3 0-0 9. Be2 a5 10. Nd5 Be6 11. c4 a4 12. Nd2 Bxd5 13. exd5 Nd4 14. 0-0 b5 15. b3 axb3 16. Bxd4 exd4 17. Nxb3 bxc4 18. Bxc4 Ra4 19. Qxd4 Qa8 20. Rf2 Nd7 21. Qe3 Bf6 22. Bb5 Bxa1 23. Bxa4 Qxa4 24. Nxa1 Qd1+ 25. Rf1 Qxd5 26. Nb3 Ra8 27. Qe2 h6 28. Rd1 Qc6 29. Qd2 Ra6 30. Kh1 Nf6 31. Rc1 Qa8 32. Rc2 d5 33. h3 Qb8 34. Qd3 Re6 35. Rc1 Qe8 36. Qc3 Kh7 37. Nd4 Re3 38. Qc2+ g6 39. Nc6 Nh5 40. Qd1 Qe6 41. a4 Ra3 42. a5 Ng3+ 43. Kh2 Nf5 44. Qf1 Ra2 45. Qe1 Ne3 46. Rc3 Rxg2+ 47. Kh1 Qxh3# 0-1